ARRUPE JESUIT UNIVERSITY

CORONAVIRUS -STOP THE SPREAD - CLEAN,DISINFECT,COVER

Common trees of the highveld / (Record no. 120713)

MARC details
000 -LEADER
fixed length control field 01111cam a2200313 i 4500
001 - CONTROL NUMBER
control field 4178186
003 - CONTROL NUMBER IDENTIFIER
control field ARRUPE
005 - DATE AND TIME OF LATEST TRANSACTION
control field 20140611145234.0
008 - FIXED-LENGTH DATA ELEMENTS--GENERAL INFORMATION
fixed length control field 790410s1973 enkaf b 001 0 eng
010 ## - LIBRARY OF CONGRESS CONTROL NUMBER
LC control number 79302363
020 ## - INTERNATIONAL STANDARD BOOK NUMBER
International Standard Book Number 0582641063
040 ## - CATALOGING SOURCE
Original cataloging agency DLC
Transcribing agency DLC
Modifying agency DLC
043 ## - GEOGRAPHIC AREA CODE
Geographic area code f-rh---
050 00 - LIBRARY OF CONGRESS CALL NUMBER
Classification number QK491.R5
Item number D38
082 00 - DEWEY DECIMAL CLASSIFICATION NUMBER
Classification number 582/.1609/6891
300 ## - PHYSICAL DESCRIPTION
Other physical details ill. (some col.) ;
Dimensions 21 cm.
100 1# - MAIN ENTRY--PERSONAL NAME
Personal name Drummond, R. B.
9 (RLIN) 10846
245 10 - TITLE STATEMENT
Title Common trees of the highveld /
Statement of responsibility, etc R. B. Drummond and Keith Coates Palgrave ; water colour paintings by the late Olive H. Coates Palgrave ; photos. by Deric and Paul Coates Palgrave.
260 ## - PUBLICATION, DISTRIBUTION, ETC. (IMPRINT)
Place of publication, distribution, etc Salisbury :
Name of publisher, distributor, etc Longman Rhodesia,
Date of publication, distribution, etc 1973.
300 ## - PHYSICAL DESCRIPTION
Extent 99 p., [16] leaves of plates :
500 ## - GENERAL NOTE
General note Includes indexes.
504 ## - BIBLIOGRAPHY, ETC. NOTE
Bibliography, etc Bibliography: p. 6.
650 #0 - SUBJECT ADDED ENTRY--TOPICAL TERM
Topical term or geographic name as entry element Trees
Geographic subdivision Zimbabwe.
9 (RLIN) 10847
650 #0 - SUBJECT ADDED ENTRY--TOPICAL TERM
Topical term or geographic name as entry element Veld plants
Geographic subdivision Zimbabwe.
9 (RLIN) 10848
700 1# - ADDED ENTRY--PERSONAL NAME
Personal name Coates Palgrave, Keith,
Dates associated with a name 1926-
Relator term joint author.
9 (RLIN) 10849
700 2# - ADDED ENTRY--PERSONAL NAME
Personal name Coates Palgrave, Olive H.,
Relator term joint author.
9 (RLIN) 10850
740 0# - ADDED ENTRY--UNCONTROLLED RELATED/ANALYTICAL TITLE
Uncontrolled related/analytical title Highveld.
906 ## - LOCAL DATA ELEMENT F, LDF (RLIN)
a 7
b cbc
c orignew
d 4
e ncip
f 19
g y-gencatlg
942 ## - ADDED ENTRY ELEMENTS (KOHA)
Source of classification or shelving scheme Library of Congress Classification
Koha item type SPC
Holdings
Withdrawn status Lost status Source of classification or shelving scheme Damaged status Not for loan Collection code Home library Current library Shelving location Date acquired Total Checkouts Full call number Barcode Date last seen Price effective from Koha item type
    Library of Congress Classification     SPECIAL Collection ARRUPE LIBRARY ARRUPE LIBRARY Main Collection 11/06/2014   QK491.R5 D38 1982 46500000536 11/06/2014 11/06/2014 SPC

 

Arrupe Library. PO Box MP320 Mt Pleasant, Harare, Zimbabwe
263 242 745411|librarian@aju.ac.zw